000 02571nam0a2200493 4500
001 RU\NLR\BIBL_A\022327455
005 20250326144410.0
010 _a978-5-389-12795-1
010 _a978-5-389-24665-2
_92000
021 _aRU
_bКН-П-24-047103
_9КН-П-24-4686
021 _aRU
_bКН-П-24-047244
_9КН-П-24-4702
035 _a(NLR Aleph) 022327455
090 _a13325244
_c13325244
100 _a20240919d2024 k y0rusy50 ca
101 1 _arus
_ceng
102 _aRU
105 _aabchz 000zy
181 0 _ai3
_baxxe
182 0 _an
200 1 _aКраткая история Японии
_fРичард Г. П. Мейсон и Джон Г. Кайгер
_gперевод с английского Виктории Степановой
203 _aТекст
_bвизуальный
_cнепосредственный
210 _aМосква
_cАзбука-Аттикус, КоЛибри
_d2024
215 _a510 с., [8] л. ил., портр., факс.
_cил., карты
_d22
225 1 _aГорода и люди
300 _aНа 4-й с. обл. авт.: Р. Г. П. Мейсон - историк-японист, преподаватель, Д. Г. Кайгер - историк, преподаватель
320 _aБиблиогр.: с. 502-509 и в подстроч. примеч.
333 _a16+
607 _aЯпония
_xИстория
_3RU\NLR\AUTH\6614393
686 1 _aТ3(5Я)0,02
700 1 _aМейсон
_bР. Г. П.
_f1934-2009
_gРичард Г. П.
701 1 _aКайгер
_bД. Г.
_gДжон Г.
856 4 _lVNP_UJZ
_tVIEW
_uhttps://webservices.nlr.ru/viewer/file?name=a022327455_002.txt
_yАннотация
856 4 _lVNP_UCHZ
_tVIEW
_uhttps://webservices.nlr.ru/viewer/file?name=p022327455_003.jpg
_x001
_yСтраница
856 4 _lVNP_UCHZ
_tVIEW
_uhttps://webservices.nlr.ru/viewer/file?name=p022327455_004.jpg
_x002
_yСтраница
856 4 _lVNP_UCHZ
_tVIEW
_uhttps://webservices.nlr.ru/viewer/file?name=p022327455_005.jpg
_x003
_yСтраница
856 4 _lVNP_UCHZ
_tVIEW
_uhttps://webservices.nlr.ru/viewer/file?name=p022327455_006.jpg
_x004
_yСтраница
856 4 _lVNP_UCHZ
_tVIEW
_uhttps://webservices.nlr.ru/viewer/file?name=p022327455_007.jpg
_x005
_yСтраница
856 4 1 _lVNP_UJZ
_tVIEW
_uhttps://webservices.nlr.ru/viewer/file?name=t022327455_001.jpg
_yОбложка
942 _cBOOK
980 4 _aVNP_UCHZ
980 4 _aVNP_UJZ
980 _aNB